A text-book of heat / (Record no. 184009)
[ view plain ]
| 000 -LEADER | |
|---|---|
| fixed length control field | 00984 a2200169 4500 |
| 003 - CONTROL NUMBER IDENTIFIER | |
| control field | Nust |
| 005 - DATE AND TIME OF LATEST TRANSACTION | |
| control field | 20221201092438.0 |
| 040 ## - CATALOGING SOURCE | |
| Transcribing agency | Nust |
| 082 ## - DEWEY DECIMAL CLASSIFICATION NUMBER | |
| Classification number | 536,NOA |
| 100 ## - MAIN ENTRY--PERSONAL NAME | |
| Personal name | Noakes, G. R. |
| 9 (RLIN) | 41709 |
| 245 ## - TITLE STATEMENT | |
| Title | A text-book of heat / |
| Statement of responsibility, etc. | G.R. Noakes ... |
| 260 ## - PUBLICATION, DISTRIBUTION, ETC. | |
| Place of publication, distribution, etc. | London, |
| Name of publisher, distributor, etc. | Macmillan and co., limited |
| Date of publication, distribution, etc. | , 1945. |
| 300 ## - PHYSICAL DESCRIPTION | |
| Extent | vi, [2], 469 p. illus., |
| Other physical details | diagrs. 20 cm. |
| 505 ## - FORMATTED CONTENTS NOTE | |
| Formatted contents note | Chapter 1, Temperature (Page-1), Chapter 2, The Measurements of Heat (Page-29), Chapter 3, Expansion Solids and Liquids (Page-81),Chapter 4,The Expansion of Gases and Gas Laws (Page-122), Chapter 5, Vapours and Vapour Pressure (Page-178), Chapter 6, Heat and Work (Page-228), Chapter 7, Heat Engines: The Second Law of Thermodynamics (Page-277), Chapter 8, Liquefaction of Gases and Production and Measurement of Law Temperatures (Page-307), Chapter 9, Transfer and Heat (Page-327), Chapter 10, Heat Phenomena in the Atmosphere (Page-416). |
| 650 ## - SUBJECT ADDED ENTRY--TOPICAL TERM | |
| Topical term or geographic name entry element | heat, |
| 9 (RLIN) | 39745 |
| 942 ## - ADDED ENTRY ELEMENTS (KOHA) | |
| Source of classification or shelving scheme | |
| Koha item type | Book |
| Call number prefix | 536,NOA |
| Withdrawn status | Lost status | Source of classification or shelving scheme | Damaged status | Not for loan | Permanent Location | Current Location | Shelving location | Date acquired | Full call number | Barcode | Date last seen | Price effective from | Koha item type | Public note |
|---|---|---|---|---|---|---|---|---|---|---|---|---|---|---|
| Military College of Signals (MCS) | Military College of Signals (MCS) | General Stacks | 12/12/2016 | 536,NOA | MCS6168 | 12/08/2016 | 12/12/2016 | Book | Almirah No. 16, Shelf No.3 |
